Nuove vedute sul nucleo atomico : ad uso delle scuole medie superiori
Gespeichert in:
| 1. Verfasser: | |
|---|---|
| Format: | Buch |
| Sprache: | Italienisch |
| Erschienen: |
Pescara :
Tip. Stracca L.,
1935
|
| Katalog: | EDISCO: Suchergebnis im Bibliothekskatalog |
| Schulbuchspezifische Eigenschaften: |
|
| Schlagworte: | |
| Tags: |
Tag hinzufügen
Keine Tags, Fügen Sie den ersten Tag hinzu!
|
| Hinzugefügt zu: | 30.04.2016 |
| Geändert in: | 18.10.2017 |
MARC
| LEADER | 00000aam a22000001 4500 | ||
|---|---|---|---|
| 001 | 00581 | ||
| 003 | OSt | ||
| 005 | 20171018093244.0 | ||
| 008 | 160501s1935 it 000 0 ita | ||
| 040 | |c Antonio Parlati - L'Acquila | ||
| 041 | 1 | |a ita | |
| 100 | 1 | |a Figliolia, Vincenzo |e Author |9 625 | |
| 245 | 0 | 0 | |a Nuove vedute sul nucleo atomico : |b ad uso delle scuole medie superiori / |c Vincenzo Figliolia |
| 260 | |a Pescara : |b Tip. Stracca L., |c 1935 | ||
| 300 | |a 33 p., 1/1 ; |c in 16° | ||
| 510 | 3 | |a L. 2.20 | |
| 650 | 4 | |a Fisica |9 71 | |
| 655 | |a Sussidiario |9 51 | ||
| 690 | 7 | |a Secondaria superiore |9 8 | |
| 901 | |a 1 | ||
| 942 | |2 ddc |c BK | ||
| 546 | |a ita | ||
| 999 | |c 571 |d 571 | ||
| 999 | |c edisco:571 |d 571 | ||